000 00549nam a2200181Ia 4500
008 090124s9999 xx 000 0 und d
082 _b32677
100 _aमोशाय बाबू
245 _a तारकांचे गाणे
250 _a0
260 _bदिलीप प्रकाशन
_c1995
300 _a128
600 _aमोशाय बाबू
630 _a तारकांचे गाणे
700 _aमोशाय बाबू
730 _a तारकांचे गाणे
942 _cBOOK
999 _c98685
_d98685